000
00235nam a22001097a 4500
082
_a
KAT
100
_a
Katz, Randy M.
245
_a
Contemporary Logic Design
260
_a
New Delhi:
_b
Pearson,
_c
2005.
300
_a
448p. ;
942
_c
BK
999
_c
57274
_d
57271